The Registration Act/ (Record no. 178608)

MARC details
000 -LEADER
fixed length control field 00670nam a22001937a 4500
005 - DATE AND TIME OF LATEST TRANSACTION
control field 20210407173449.0
010 ## - LCCN (DPL NO)
LC control number ENG-129393
020 ## - INTERNATIONAL STANDARD BOOK NUMBER
International Standard Book Number 978-81-9447-155-4
Terms of availability 185.00
035 ## - SYSTEM CONTROL NUMBER
System control number EN-112925
037 ## - SOURCE OF ACQUISITION
Source of stock number/acquisition DBAD/PUB
082 ## - DEWEY DECIMAL CLASSIFICATION NUMBER
Classification number 346.540438
100 ## - MAIN ENTRY--PERSONAL NAME
Personal name Dinshaw Fardunji Mulla
245 ## - TITLE STATEMENT
Title The Registration Act/
Remainder of title Dinshaw Fardunji Mulla
250 ## - EDITION STATEMENT
Edition statement 14th
260 ## - PUBLICATION, DISTRIBUTION, ETC. (IMPRINT)
Place of publication, distribution, etc Haryana, India
Name of publisher, distributor, etc Lexis Nexis
Date of publication, distribution, etc 2020
270 ## - ADDRESS
City Gurugaon
Postal code 122002
Address 14th floor, Building No.10, Tower-B, DLF Cyber City, Phase-II
Telephone number 911244774444
Fax number 911244774100
Electronic mail address help.in@lixisnexis.com
300 ## - PHYSICAL DESCRIPTION
Extent cxxi+948p.
Dimensions 24cm(hbk)
Other physical details Including Index
942 ## - ADDED ENTRY ELEMENTS (KOHA)
Source of classification or shelving scheme Dewey Decimal Classification
Item type English Books
Classification part 346.540438
Call number suffix DIN
Holdings
Withdrawn status Lost status Not for loan Collection code Home library Current library Date acquired Source of acquisition Cost, normal purchase price Full call number Barcode Copy number Cost, replacement price Koha item type
    Not For Loan Reference Bawana Bawana 07/04/2021 DBAD/PUB 1850.00 346.540438 DIN EN-112925 1 1850.00 English Books

© Delhi Public Library
Hit Counter
free hit counter